Culturas virtuales (Registro nro. 37001)

Detalles MARC
000 -CABECERA
Longitud fija campo de control 00570nam a22001937a 4500
003 - • IDENTIFICADOR DELl NÚMERO DE CONTROL
Identificador del número de control CO-ViMGA
008 - • CÓDIGOS DE INFORMACIÓN DE LONGITUD FIJA
Códigos de información de longitud fija 180413b ||||| |||| 00| 0 eng d
020 ## - • NÚMERO INTERNACIONAL NORMALIZADO PARA LIBROS
Número Internacional Normalizado para Libros (ISBN) 9788470309205
040 ## - FUENTE DE LA CATALOGACIÓN
Centro catalogador de origen CO-ViMGA
Lengua de catalogación spa
Centro transcriptor CO-ViMGA
082 04 - • NÚMERO DE LA CLASIFICACIÓN DECIMAL DEWEY
Número de clasificación (R) 306
Número del ítem S81c
100 1# - • PUNTO DE ACCESO PRINCIPAL-NOMBRE DE PERSONA
Nombre de persona Subirats,Eduardo
Fechas asociadas al nombre 2001
245 10 - • TITULO PROPIAMENTE DICHO
Título Culturas virtuales
Mención de responsabilidad, etc. Eduardo Subirats
250 ## - • MENCIÓN DE EDICIÓN
Mención de edición Edición Especial
300 ## - • DESCRIPCIÓN FÍSICA
Extensión [186] p.
Otras características físicas 21 cm.
490 ## - • MENCIÓN DE SERIE
Mención de serie Biblioteca nueva
650 14 - • PUNTO DE ACCESO ADICIONAL DE MATERIA - TÉRMINO DE MATERIA
Término de materia o nombre geográfico como elemento inicial cultura y medios
Subdivisión de materia general trasformaciones sociales
942 ## - ENTRADA DE ELEMENTOS AGREGADOS (KOHA)
Fuente de clasificaión o esquema Dewey Decimal Classification
Koha [por defecto] tipo de item LIbro
Existencias
Perdido Fuente de clasificación o esquema Estado Físico No para préstamo Forma de adquisición Localización permanente Localización actual Fecha adquisición Coste, precio normal de compra Préstamos totales Renovaciones totales Signatura completa Código de barras Fecha última consulta Fecha último préstamo Fecha del precio de reemplazo Tipo de item de Koha
  Dewey Decimal Classification     Sala General Segundo Piso Biblioteca Pública Germán Arciniegas - Villavicencio Biblioteca Pública Germán Arciniegas - Villavicencio 09/01/2019 94000.00 1 1 306 S81c 331340 06/26/2018 05/30/2018 04/13/2018 LIbro









Instituto Departamental de Cultura del Meta - Red Departamental de Bibliotecas Públicas del Meta.